| 000 | 00459nam a22001577a 4500 | ||
|---|---|---|---|
| 999 |
_c527192 _d527192 |
||
| 020 | _a9788123924588 | ||
| 082 |
_a622.37 _bKUM |
||
| 100 | _aKumar, Parveen | ||
| 245 |
_aGround water and well drilling / _cParveen Kumar |
||
| 260 |
_aIndia : _bCBS Publishers & Distributors, _c2018. |
||
| 300 | _a331 p. ; | ||
| 942 |
_2ddc _cBK |
||
| 650 |
_aGround water - Engineering _918332 |
||